01808cam a22004814i 4500003000900000005001700009008004100026020001500067035002700082040003300109049000900142082002200151100003200173245004600205264007300251300003900324336002100363337002500384338002300409490005800432504004000490505005500530526001000585526001000595526001000605526001000615526000800625526000800633526000800641526000800649526000800657526000800665526000800673630004300681910001800724942001400742949013100756994001400887596000600901999017900907980005501086952018501141PE-LiUPU20250731173509.0150616s1993 miu rb 000 0 eng d a0802825230 a(Sirsi) i9780802825230 aPE-LiUPUbspacPE-LiUPUerda aPRUA04a221.07bNICOT2211 aAshley, Timothy R.,eautor.14aThe Book of Numbers /cTimothy R. Ashley. 1aGrand Rapids, Michigan :bWilliam B. Eerdmans Publishing Co.,c1993. a667 páginas ;c24 centímetros. atext2rdacontent aunmediated2rdamedia avolume2rdacarrier0 aThe New International Commentary on the Old Testament aBibliografía al pie de páginas.0 aComentarios sobre el libro de Números Números. aSEG42 aSEG41 aSEG40 aSEG39 aP94 aP87 aP86 aP85 aP77 aP76 aP35 aBiblia.pA.T.pNúmerosxComentarios. ajckbjvqcjck 2ddccBOOK a221.07 NICOT 4wDEWEYc1i40646lCCODEBUL1mBULr0sYtBOOKu2015-6-16xTEOLOGIAzUNKNOWN0COMPRAo.STAFF. Colección General aC0bPEPRU a1 a221.07 NICOT 4wDEWEYc58435i40646d58435e2019-5-27f2021-11-9g5lCCODEBUL1mBULn2p34.78q7r0sYtBOOKu2015-6-16xTEOLOGIAPP350COMPRAo.STAFF. Colección Teología 81gALBERTO SANCHEZ Responsable de Automatización r2025-12-02 00:00:00i6l2o221.07 NICOT 4p40646s2019-05-27te1v39.78w2015-06-16xFTyBKzinventario-2023-12-13102ddc50708GENfP35aBULbBULcGENd2015-06-16eCOMPRAg34.78